Sports Quiz

Random Sports or MLB Quiz

MLB World Series MVPs Quiz Stats

 Plays Quiz Updated Oct 28, 2020

Support Sporcle.
Go Orange.
Score 0/65 Timer 08:00
13 Plays Today
Year Player(s) % Correct
2000Derek Jeter
86.2%
2013David Ortiz
77.7%
2001Randy Johnson and Curt Schilling
76%
1973Reggie Jackson
65.2%
1977Reggie Jackson
65.2%
2014Madison Bumgarner
64.5%
2004Manny Ramírez
64.5%
1970Brooks Robinson
63.4%
1966Frank Robinson
63.3%
2019Stephen Strasburg
61.6%
2017George Springer
61%
2020Corey Seager
59.8%
1964Bob Gibson
59.1%
1967Bob Gibson
59.1%
1999Mariano Rivera
58.5%
2003Josh Beckett
58.2%
2008Cole Hamels
56.8%
1975Pete Rose
55.7%
2012Pablo Sandoval
54.5%
2015Salvador Pérez
52.2%
1976Johnny Bench
52.1%
2016Ben Zobrist
50.2%
1995Tom Glavine
50.1%
1963Sandy Koufax
47.4%
1965Sandy Koufax
47.4%
2018Steve Pearce
45.7%
1980Mike Schmidt
45.7%
1979Willie Stargell
44.3%
1991Jack Morris
44.1%
1997Liván Hernández
42.9%
2009Hideki Matsui
42.1%
1971Roberto Clemente
41.8%
1961Whitey Ford
40.9%
Year Player(s) % Correct
2006David Eckstein
40%
2007Mike Lowell
39.5%
2002Troy Glaus
38.3%
2005Jermaine Dye
37.9%
1998Scott Brosius
36.5%
2011David Freese
35.6%
1988Orel Hershiser
33.7%
1981Ron Cey, Pedro Guerrero and Steve Yeager
33.4%
1993Paul Molitor
33%
1985Bret Saberhagen
32.5%
1989Dave Stewart
32.3%
2010Edgar Renteria
31.7%
1986Ray Knight
29.6%
1984Alan Trammell
27.6%
1974Rollie Fingers
27.5%
1956Don Larsen
27.5%
1996John Wetteland
27%
1990José Rijo
26.2%
1987Frank Viola
24.8%
1968Mickey Lolich
21.5%
1978Bucky Dent
20.7%
1992Pat Borders
19.6%
1972Gene Tenace
18.6%
1960Bobby Richardson
18.5%
1955Johnny Podres
17%
1983Rick Dempsey
16.5%
1982Darrell Porter
15.9%
1969Donn Clendenon
13.5%
1957Lew Burdette
12.4%
1962Ralph Terry
11.1%
1958Bob Turley
10.7%
1959Larry Sherry
9.3%

You're not logged in!

Compare scores with friends on all Sporcle quizzes.
OR
Log In

From the Vault

Clickable Chess Moves (3 Knights)

by goc3

Chess is one of the few arts where composition takes place simultaneously with performance.
Remove Ads.
Support Sporcle.
Get the best of Sporcle when you Go Orange. This ad-free experience offers more features, more stats, and more fun while also helping to support Sporcle. Thank you for becoming a member.

Show Comments

Extras

Top Quizzes Today


Score Distribution

Your Account Isn't Verified!

In order to create a playlist on Sporcle, you need to verify the email address you used during registration. Go to your Sporcle Settings to finish the process.

Report this User

Report this user for behavior that violates our Community Guidelines.

Details: